| 000 | 00555cam a2200193 4500500 | ||
|---|---|---|---|
| 005 | 20260329004325.0 | ||
| 041 | _afre | ||
| 042 | _adc | ||
| 100 | 1 | 0 |
_aPortevin, Catherine _eauthor |
| 245 | 0 | 0 | _aLes Essais |
| 260 | _c2019. | ||
| 500 | _a16 | ||
| 690 | _aBernard Combeaud | ||
| 690 | _aEssais | ||
| 690 | _aMichel Onfray | ||
| 690 | _aMontaigne | ||
| 786 | 0 | _nPhilosophie magazine | 130 | 6 | 2019-06-01 | p. 62-62 | 1951-1787 | |
| 856 | 4 | 1 | _uhttps://shs.cairn.info/magazine-philosophie-magazine-2019-6-page-62?lang=fr&redirect-ssocas=7080 |
| 999 |
_c1832817 _d1832817 |
||